000 00951nam a2200277 i 4500
001 000042401
003 DO-SdBNP
005 20250822110617.0
007 ta
008 131128s2009 xxua 000 0 spa d
020 _a9780980004236
040 _aDO-SdBNP
_bspa
_cBNPHU
_erda
041 _aspa
082 4 _axxx
_bxxx
_222
100 1 _aHerrera, Jochy,
_eautor
_4aut.
_969517
245 1 0 _aExtrasístoles :
_b(y otros accidentes) /
_cJochy Herrera ; prólogo, Francisco González Crussí.
264 4 _aChicago, Estados Unidos :
_bEdiciones Vocesueltas,
_c©2009.
300 _a255 páginas :
_bilustraciones ;
_c23 cm.
336 _atexto
_btxt
_2rdacontent
337 _asin mediación
_bn
_2rdamedia
338 _avolumen
_bnc
_2rdacarrier
500 _aIncluye datos biografícos del autor en la solapa de la cubierta
590 _aInventariado, 2025/BT
700 1 _aGonzález Crussí, Francisco,
_eprologuista
_4pr.
_969518
942 _2ddc
_cLBS1
999 _c41890
_d41890